00270nam a2200109Ia 4500008004100000100002100041245004200062260001800104650001400122942000700136999001700143190216s9999||||xx |||||||||||||| ||und|| aShankara Kurup G 0aMalayalam-Marikkanum Pirakkanum Peedi bCurrent Books aMalayalam cBK c24309d24309